Úspešnosť slovenských subjektov v programe People 7. RP

Analýza účasti slovenských subjektov v 7. rámcovom programe EÚ pre výskum, vývoj technológií a demonštračné aktivity (7.RP), konkrétne v mobilitných akciách Marie Curie.Aktuálna situácia, podmienky účasti, výsledky a možností v súčasne končiacom programovacom období 2007-2013 a výhľad, plány a odpor...

Descripción completa

Guardado en:
Detalles Bibliográficos
Autor principal: Kopkáš, Peter
Formato: Capítulo de libro
Lenguaje:eslovaco
Materias:
Etiquetas: Agregar Etiqueta
Sin Etiquetas, Sea el primero en etiquetar este registro!

MARC

LEADER 00000nla a2200000 4500
001 0185399
005 20240502073158.0
041 0 |a slo 
044 |a SK 
245 1 0 |a Úspešnosť slovenských subjektov v programe People 7. RP  |c Peter Kopkáš 
520 |a Analýza účasti slovenských subjektov v 7. rámcovom programe EÚ pre výskum, vývoj technológií a demonštračné aktivity (7.RP), konkrétne v mobilitných akciách Marie Curie.Aktuálna situácia, podmienky účasti, výsledky a možností v súčasne končiacom programovacom období 2007-2013 a výhľad, plány a odporúčania pre úspech slovenských subjektov (firiem a výskumných inštitúcií) v budúcom programe Horizont 2020 (2014-2020). 
610 2 0 |a podnik 
610 2 0 |a Európska únia 
610 2 0 |a Slovensko 
610 2 0 |a spolupráca hospodárska medzinárodná 
610 2 0 |a technológie nové 
610 2 0 |a programy rozvojové 
100 1 |a Kopkáš, Peter